| Поле | Инд. | ПП | Название | Значение |
|---|---|---|---|---|
| Тип записи | a | |||
| Библиографический уровень | m | |||
| 001 | Контрольный номер | b4d9295f-10ad-447a-aa77-8d2f7b881f69 | ||
| 005 | Дата корректировки | 20140226235008.1 | ||
| 008 | Кодируемые данные | 020507 | ||
| 020 | a | ISBN | 5-93690-005-3 | |
| 040 | a | Служба первич. каталог. | НБ ТвГУ | |
| 041 | a | Код языка текста | rus | |
| 080 | a | Индекс УДК | 658.012.4:338.462.659.235(086.8) | |
| a | Индекс УДК | 338.46:35(086.8) | ||
| 084 | a | Индекс другой классификации/Индекс ББК | У9(2РОС)29-21р | |
| a | Индекс другой классификации/Индекс ББК | У050.9(2РОС)2р | ||
| 090 | x | Авторский знак | У78 | |
| a | Полочн. индекс | У9(2РОС) | ||
| 245 | 10 | a | Заглавие | Успешное изменение организационной структуры |
| b | Продолж. заглавия | Учеб. материалы | ||
| c | Ответственность | Под ред. Синявиной М. П., Бурмистрова А. Н. | ||
| 260 | 0_ | a | Место издания | СПб. |
| b | Издательство | Решение | ||
| c | Дата издания | 1999 | ||
| 300 | a | Объем | К-т АВМ (2 комп.). | |
| 440 | a | Серия | Эффектив. управление рос. компаниями | |
| 500 | a | Примечание | Комп. 1. - Кн. | |
| 500 | a | Примечание | Кн. - 35,[24] с. : табл. - Библиогр.: с.32-33. | |
| 650 | a | Основная рубрика | Предприятия | |
| x | Основная подрубрика | Экономика | ||
| x | Основная подрубрика | Видеокурсы | ||
| x | Основная подрубрика | Консалтинг | ||
| x | Основная подрубрика | Управление | ||
| x | Основная подрубрика | Организационная структура | ||
| x | Основная подрубрика | Видеофильмы | ||
| z | Географическая подрубрика | Российская Федерация | ||
| 653 | a | Ключевые слова | Предприятия | |
| a | Ключевые слова | Экономика предприятия | ||
| a | Ключевые слова | Управление предприятием | ||
| a | Ключевые слова | Организационная структура предприятия | ||
| a | Ключевые слова | Консалтинг | ||
| a | Ключевые слова | Обучение управлению | ||
| a | Ключевые слова | Видеокурсы | ||
| a | Ключевые слова | Видеофильмы | ||
| a | Ключевые слова | Видеокассеты | ||
| a | Ключевые слова | АВМ | ||
| a | Ключевые слова | Видеокассеты | ||
| 700 | 1_ | a | Другие авторы | Синявина Мария Павловна |
| e | Роль лиц | ред. | ||
| 700 | 1_ | a | Другие авторы | Бурмистров Андрей Николаевич |
| e | Роль лиц | ред. | ||
| 930 | a | Новая/Ретро | АВМ | |
| a | Новая/Ретро | учебники | ||
| a | Новая/Ретро | видеокассеты | ||
| a | Новая/Ретро | видеокурсы | ||
| a | Новая/Ретро | Видеофильмы | ||
| 954 | a | Дата поступления на обработку | 20020508 | |
| 999 | a | Подразделение 2 | Каб.УиС |